Catálogo público

Una nación transformada por la información : como la información ha modelado a Estados Unidos de América desde la época de la Colonia hasta la actualidad / (Record no. 177690)

MARC details
000 -CABECERA
campo de control de longitud fija 01304nam a2200313Ia 4500
001 - NÚMERO DE CONTROL
campo de control dia_6290
003 - IDENTIFICADOR DEL NÚMERO DE CONTROL
campo de control CHAP
005 - FECHA Y HORA DE LA ÚLTIMA TRANSACCIÓN
campo de control 20251023172339.0
008 - DATOS DE LONGITUD FIJA--INFORMACIÓN GENERAL
campo de control de longitud fija 220117s2002 xx 000 0 und d
010 ## - NÚMERO DE CONTROL DE LA BIBLIOTECA DEL CONGRESO
Número de control de LC 177690
020 ## - NÚMERO INTERNACIONAL ESTÁNDAR DEL LIBRO
Número Internacional Estándar del Libro 970-613-694-0
040 ## - FUENTE DE LA CATALOGACIÓN
Centro/agencia transcriptor CHAP
082 ## - NÚMERO DE LA CLASIFICACIÓN DECIMAL DEWEY
Número de clasificación 338.97306 N33 2002
245 ## - MENCIÓN DE TÍTULO
Título Una nación transformada por la información : como la información ha modelado a Estados Unidos de América desde la época de la Colonia hasta la actualidad /
Mención de responsabilidad, etc. edición Alfred D. Chandler y James W. Cortada ; traducción Guadalupe Meza Staines
260 ## - PUBLICACIÓN, DISTRIBUCIÓN, ETC.
Lugar de publicación, distribución, etc. México :
Nombre del editor, distribuidor, etc. Oxford University Press,
Fecha de publicación, distribución, etc. 2002
300 ## - DESCRIPCIÓN FÍSICA
Extensión xii, 432 p.
500 ## - NOTA GENERAL
Nota general Título original: A nation transformed by information: how information has shaped the United States from Colonial times to the present
503 ## - NOTA DE HISTORIA BIBLIOGRÁFICA (BK CF MU) [OBSOLETO]
Nota de historia bibliográfica C/e
590 ## - NOTA LOCAL (RLIN)
Nota local HC110.I55 N33 2002
650 ## - PUNTO DE ACCESO ADICIONAL DE MATERIA--TÉRMINO DE MATERIA
Término de materia o nombre geográfico como elemento de entrada Information technology
Subdivisión general United States
-- History
9 (RLIN) 161900
650 ## - PUNTO DE ACCESO ADICIONAL DE MATERIA--TÉRMINO DE MATERIA
Término de materia o nombre geográfico como elemento de entrada Tecnología de la información
Subdivisión general Estados Unidos
-- Historia
9 (RLIN) 161901
700 ## - PUNTO DE ACCESO ADICIONAL--NOMBRE DE PERSONA
Nombre de persona Chandler, Alfred D., ed.
9 (RLIN) 161902
700 ## - PUNTO DE ACCESO ADICIONAL--NOMBRE DE PERSONA
Nombre de persona Cortada, James W., ed.
9 (RLIN) 161903
700 ## - PUNTO DE ACCESO ADICIONAL--NOMBRE DE PERSONA
Nombre de persona Meza Staines, Guadalupe, tr.
9 (RLIN) 148137
901 ## - ELEMENTOS DE DATOS A LOCAL LDA (RLIN)
a 338.97306 N33 2002
902 ## - ELEMENTOS DE DATOS B LOCAL, LDB (RLIN)
a A
905 ## - ELEMENTOS DE DATOS E LOCAL, LDE (RLIN)
a 5232272002 mx admn8222223322spa16
942 ## - ELEMENTOS DE PUNTO DE ACCESO ADICIONAL (KOHA)
Tipo de ítem Koha Libro
Fuente del sistema de clasificación o colocación Dewey Decimal Classification
Holdings
Estado de retiro Estado de pérdida Fuente del sistema de clasificación o colocación Estado dañado No para préstamo Código de colección Localización permanente Ubicación/localización actual Ubicación en estantería Fecha de adquisición Información codificada de la localización en otra ubicación Total de préstamos Código de barras Fecha visto por última vez Número de copia Precio válido a partir de Tipo de ítem Koha
    Dewey Decimal Classification     General Ingenieria Agroindustrial Ingenieria Agroindustrial   18/01/2022 1   dia_001410 18/01/2022 1 18/01/2022 Libro